000 00382nam a2200145Ia 4500
008 090122s9999 xx 000 0 und d
082 _b8379
_aQ : 9
100 _aपवार
_bशोभा
245 _aअमृतवाणी
600 _aपवार
630 _aअमृतवाणी
700 _aपवार
730 _aअमृतवाणी
942 _cBOOK
999 _c32456
_d32456